000 01072nam a22002537a 4500
005 20180228113659.0
010 _a1617EN ENG-117163
020 _a9781107118874
_c790.00
035 _aB-650071-084
035 _aEN-100695
035 _aB-664921
037 _aDPL
_bUppal
037 _bDBAD/PUB
082 _a929.920954
100 _aJha, Sadan
245 _aReverence, resistance and politics of seeing the Indiad national flag / :
_c by Sadan Jha
_b
260 _aNew Delhi
_bCambridge university press
_c2016
270 _a4843/24,2nd Floor, Ansari Road,Daryaganj,
_bNew Delhi
_e110002
300 _a268p.
_b22cm.(Hb)
500 _aIncludes bibliographical references and index
942 _2ddc
_cEN
_mJHA
_h929.920954
999 _c102309
_d102309